00450 2200193 4500001002100000005001500021035002000036245005000056100002100106250000600127300001600133856001200149260003700161082000800198084001400206600001000220990001300230990001300243INLIS00000000000159520250422093156 a0010-04250000111 aInay Si Penguasa Bayangan /cErminawati, S.Pd0 aErminawati, S.Pd a1 a56 ;c21 cm aRak 800 aJakarta :bPT. Inti Media,c2003 a813 a813 ERM i 4aFiksi a03.20129 a03.20130